[Event "UKR-ch Women 2020"]
[Site "Kherson"]
[Date "2020.12.10"]
[Round "5.8"]
[White "Tsirulnik, Maritsa"]
[Black "Martynkova, Olena"]
[Result "1/2-1/2"]
[WhiteElo "2139"]
[BlackElo "2222"]
[Annotator "TA"]
[PlyCount "134"]
[EventDate "2020.12.06"]
[EventType "swiss"]
[EventCountry "UKR"]
[SourceTitle "playchess.com"]
[Source "ChessBase"]
[SourceQuality "1"]

{[%evp 15,134,26,34,0,11,0,21,9,21,24,54,51,48,45,55,66,62,72,51,54,63,60,94,87,115,104,141,134,157,148,149,149,177,170,199,149,171,153,191,154,138,128,154,53,153,0,158,138,134,129,135,127,179,181,155,161,133,135,125,26,46,32,501,41,128,129,108,19,64,52,68,0,0,0,0,0,0,0,16,0,0,0,0,0,0,0,0,0,0,0,0,0,0,0,0,0,0,0,0,0,0,0,0,-28,-28,-28,-28,-28,-28,-28,0,0,0,0,0,0,0,0,0,0,0]} 1. d4 f5 2. Nf3 Nf6 3. g3 e6 4. Bg2 d5 5. O-O Bd6 6. c4 c6 7. Nc3 O-O 8. Qc2 Qe7 9. b3 {A90: Dutch Defence: Miscellaneous and Modern Stonewall (with ...Bd6).} Nbd7 10. Bb2 Ne4 11. Ne1 {[%cal Rc3e4]} Nxc3 12. Qxc3 {[#]} dxc4 $146 ({Predecessor:} 12... b5 13. cxd5 cxd5 14. Nd3 a5 15. a4 b4 16. Qd2 Nf6 17. f3 Ba6 18. Rac1 Rac8 19. Rxc8 Rxc8 {½-½ (76) Caletka,R (2282)-Popchev,M (2459) Stare Mesto 2009}) 13. Qxc4 Nb6 14. Qc2 e5 15. dxe5 Bxe5 16. Bxe5 Qxe5 17. Nd3 Qf6 18. Rad1 a5 19. Rd2 a4 20. Nc5 a3 21. e3 Kh8 22. Rfd1 h6 23. Rd4 Qe7 24. Qc3 Re8 25. Qb4 Qc7 26. Qd2 Be6 27. Nxe6 Rxe6 28. b4 Re7 29. Rd8+ ({Better is} 29. Qd3 $16) 29... Re8 (29... Rxd8 $14 30. Qxd8+ Qxd8 31. Rxd8+ Kh7) 30. Rd4 $2 (30. Rxe8+ $16 Rxe8 31. Qd3) 30... Qe5 $2 (30... Re7 $1 $11) 31. Qc1 Kh7 32. R1d3 Qe6 33. Rxa3 Rxa3 (33... Rad8 $16) 34. Qxa3 $18 Ra8 35. Qd3 $1 Rxa2 {[#]} 36. Bh3 $1 {[%mdl 512]} g6 37. g4 (37. e4 $16) 37... fxg4 $11 38. Bxg4 Qe5 $2 {[%mdl 8192] [#]} ({Black should play} 38... Qf7 $14 39. Rf4 Qe7) 39. Bf3 $2 (39. Rd6 $1 $18 {[%mdl 512]} Qg5 40. h3) 39... h5 ({Black should try} 39... Qg5+ $14 40. Rg4 Qf5) 40. h4 $16 Ra8 41. Rf4 (41. Re4 $16 Qf6 42. Rf4) 41... Kh6 42. Kg2 Nd5 43. Bxd5 (43. Rf7 $1 $14) 43... Rd8 $11 {[%mdl 64] Pin} 44. Qe4 (44. Qd4 {looks sharper.} Rxd5 45. Qxe5 Rxe5 46. Kg3 Rd5 47. Rc4) 44... Qxd5 45. Qxd5 Rxd5 {[%mdl 4096] Endgame KR-KR} 46. Re4 Rb5 47. f4 Kg7 48. Kf3 Kf6 49. Rd4 Rd5 50. Rxd5 cxd5 51. e4 dxe4+ 52. Kxe4 {With the idea b5. K3P-K3P} Ke6 53. b5 {Threatening b6.} b6 54. Kd4 Kf5 55. Kd5 $1 {[%cal Rd5c6] And now Kc6 would win.} Kg4 (55... Kxf4 $5 56. Kc6 $8 g5 57. Kxb6 gxh4 $11) 56. Kc6 Kxh4 57. Kxb6 {KPP-KPP} Kg4 58. Kc5 h4 {White should prevent ...h3.} 59. b6 {Intending b7 and mate.} (59. f5 $5 Kxf5 60. b6 $11) 59... h3 60. b7 h2 61. b8=Q {White wants to mate with Qb7. Cut Off at move 61} h1=Q {Black wants to play ...Qc1+. KQ-KQ} 62. Qc8+ Kxf4 {( -> ...Qc1+)} (62... Kg3 $5 {[%cal Rh1c1]} 63. Qa6 Qh5+ 64. Kd6 Kxf4 $15) 63. Qc7+ {The position is equal.} Kg4 {Strongly threatening ...Qc1+.} 64. Qd7+ Kf4 65. Qf7+ Kg5 66. Qe7+ Kg4 67. Qe6+ Kf4 {Weighted Error Value: White=0.38/Black=0.35} 1/2-1/2

[Event "UKR-ch Women 2020"]
[Site "Kherson"]
[Date "2020.12.10"]
[Round "5.9"]
[White "Dubovyk, Anastasiia"]
[Black "Grineva, Marianna"]
[Result "1/2-1/2"]
[WhiteElo "1971"]
[BlackElo "2001"]
[Annotator "TA"]
[PlyCount "86"]
[EventDate "2020.12.06"]
[EventType "swiss"]
[EventCountry "UKR"]
[SourceTitle "playchess.com"]
[Source "ChessBase"]
[SourceQuality "1"]

{[%evp 9,86,29,80,85,112,86,87,90,163,161,162,106,110,118,145,143,206,201,160,122,151,126,129,55,122,90,226,122,134,145,131,127,159,161,203,182,205,182,365,103,230,73,77,66,35,-354,-360,-2850,-2592,-29986,-29987,-29994,-1827,-29989,-2339,-1900,0,0,0,0,0,0,0,0,0,0,0,0,0,0,151,0,0,0,0,0,0,0,0]} 1. e4 g6 2. d4 Bg7 3. Nf3 d6 4. Nc3 c6 5. Bf4 b5 (5... Nf6 $11 {remains equal.}) 6. e5 {B06: Modern Defence.} d5 7. h3 {[#]} h6 $146 ({Predecessor:} 7... Nd7 8. Qd2 f6 9. exf6 exf6 10. Bd3 Nf8 11. O-O Ne6 12. Rfe1 Kf7 13. Ne2 Nxf4 14. Qxf4 {0-1 (42) Jicman,L (2185)-Safranska,A (2305) Timisoara 1994}) 8. Bd3 {White is better.} Bf5 (8... a5 $16) 9. Bxf5 $18 gxf5 10. Nh4 (10. Ne2 $18) 10... e6 $16 11. Qh5 Nd7 12. O-O-O Ne7 (12... Qe7 $16 13. Rhg1 Qf8) 13. g4 $18 fxg4 14. Rhg1 (14. Qxg4 $6 Bf8 $14) 14... a5 15. Rxg4 (15. Qxg4 $6 Bf8 $14) 15... Bf8 16. Rdg1 (16. Ne2 $16) 16... Rh7 (16... Qb6 $1 $14) 17. Be3 $1 $40 {[%mdl 128] White has strong attack.} Nb6 (17... a4 $16) 18. f4 (18. Nf3 $1 $18) 18... Qd7 19. f5 exf5 20. Rf4 a4 21. Nxf5 {Hoping for Nd6+.} Nxf5 22. Rxf5 (22. Qxf5 $6 Qxf5 23. Rxf5 Nc4 $16) 22... Nc4 23. Bf2 {Threatens to win with e6!} Rg7 $2 (23... Kd8 {is a better defense.} 24. Rg8 Kc7) 24. Rf1 $2 (24. Rxg7 $18 {[%cal Rf5f7] and the rest is easy.} Bxg7 25. Ne2) 24... Be7 (24... b4 $16 25. e6 Qxe6) 25. Qxh6 $2 (25. Bh4 $1 $18 {is the precise move to win.} O-O-O 26. Bxe7 (26. Rxf7 Qxh3 27. Qxh6 {[%mdl 64] Double Attack} Rxf7 $11) (26. Qxh6 Rg6 $18) 26... Qxe7 27. Nd1 (27. Rxf7 Rxf7 28. Rxf7 Qg5+ 29. Qxg5 hxg5 $18) (27. Qxh6 Rg6 $11)) 25... b4 26. Nd1 (26. Qxg7 $2 Qxf5 27. Qh8+ Bf8 $19) 26... b3 $1 {[%cal Rb3a2]} 27. Nc3 $2 {[%mdl 8192]} (27. Qxg7 {leads to mate.} Qxf5 28. Qh8+ Kd7 $1 {[%mdl 512]} 29. Qh7 Qxh7 30. e6+ fxe6 31. Ne3 Nxe3 32. Kd2 Qxc2+ 33. Kxe3 Qe4+ 34. Kd2 Bb4+ 35. Kd1 Qc2#) ({Don't blunder} 27. cxb3 $2 axb3 28. e6 Qxe6 $19) (27. a3 $1 $14 {is the one way to stay ahead.}) 27... a3 $19 {[%cal Ba4a3,Ba3b2][%mdl 32]} 28. Qh8+ $2 ({Avoid the trap} 28. axb3 $2 axb2+ 29. Kd1 Ra1+ 30. Ke2 Qxf5 $19) (28. cxb3 axb2+ 29. Kd1 Rxa2 30. Rf3) 28... Bf8 29. e6 axb2+ 30. Kb1 Qxe6 (30... bxa2+ $142 31. Nxa2 Qb7 32. Qxf8+ {[%mdl 64] Decoy} Kxf8 33. Rxf7+ Rxf7 34. e7+ Ke8 35. h4 Nd2#) 31. Re1 {[#]} Rg1 $1 {[%mdl 512]} 32. Rfe5 {[#]} (32. Rxg1 Qxf5) 32... Nxe5 $2 ({Black should try} 32... Kd7 $1 $19 {[%mdl 512]} 33. cxb3 Qg6+ 34. Ne4 Rxe1+ 35. Bxe1 Nxe5 36. Qxe5 Re8 $1 {[%mdl 512]} 37. Qg5 Qxe4+ {[%mdl 64] Double Attack} 38. Kxb2 Qxd4+ 39. Kc2 Qe4+ {[%mdl 64] Double Attack} 40. Kb2 Qxe1 41. Qf5+ Kc7 42. Qf4+ Kb6 43. Qd4+ Bc5 44. Qd3 Re2+ 45. Qxe2 Qxe2+ 46. Kb1 Ba3 47. h4 Qd1#) 33. Bxg1 $11 bxc2+ 34. Kxc2 Qg6+ 35. Kxb2 Kd7 36. Qxe5 {aiming for Bh2.} Ba3+ $1 37. Kb3 $1 {Black must now prevent Bh2.} Bd6 {( -> ...Rb8+)} 38. Qe2 {a4 is the strong threat.} Rb8+ 39. Ka4 Kc7 $2 {[#]} (39... Ra8+ $11 40. Kb3 Rb8+ 41. Ka4 Ra8+ 42. Kb3) 40. Bh2 $2 ({White must play} 40. a3 $1 $16) 40... Ra8+ {The position is equal.} 41. Kb3 {Intending Qe7+ and mate.} Rb8+ 42. Ka4 Ra8+ 43. Kb3 {White threatens Qe7+ and mate.} Rb8+ {White happily takes the draw.  Weighted Error Value: White=0.91/Black=0.75} 1/2-1/2

[Event "UKR-ch Women 2020"]
[Site "Kherson"]
[Date "2020.12.10"]
[Round "5.10"]
[White "Mashchenko, Tamila"]
[Black "Yeshchenko, Uliana"]
[Result "1/2-1/2"]
[WhiteElo "1768"]
[BlackElo "1872"]
[Annotator "NA RC"]
[PlyCount "92"]
[EventDate "2020.12.06"]
[EventType "swiss"]
[EventCountry "UKR"]
[SourceTitle "playchess.com"]
[Source "ChessBase"]
[SourceQuality "1"]
[TimeControl "40/5400+30:1800+30"]

{[%evp 8,85,9,18,13,9,14,20,24,29,21,17,13,0,0,32767,0,-8,-2,-12,32767,32767,32767,32767,32767,-16,-14,-4,-19,-17,32767,32767,32767,32767,32767,32767,32767,32767,32767,32767,32767,32767,32767,32767,32767,-6,0,0,0,-199,32767,32767,32767,32767,-201,-207,-205,-259,-274,-281,-90,-89,32767,32767,-177,-260,-167,-172,-9,-18,32767,32767,-18,32767,32767,32767,32767,32767,-13,-22]} 1. c4 {[%emt 0:00:00]} e6 {[%emt 0:00:00]} 2. Nc3 {[%emt 0:00:00]} d5 {[%emt 0:00:00]} 3. cxd5 {[%emt 0:00:00]} exd5 {[%emt 0:00:00]} 4. d4 {[%emt 0:00:00]} Nf6 {[%emt 0:00:00]} 5. Bg5 {[%emt 0:00:00]} c6 {[%emt 0:00:10]} 6. Qc2 {[%emt 0:00:45]} Be7 {[%emt 0:02:08]} 7. e3 {[%emt 0:00:18]} Bg4 {[%emt 0:02:27]} 8. Bd3 {[%emt 0:01:48]} Bh5 {[%emt 0:05:03]} 9. h3 {[%emt 0:11:22]} Bg6 {[%emt 0:01:30]} 10. Nf3 {[%emt 0:05:35]} Bxd3 {[%emt 0:01:41]} 11. Qxd3 {[%emt 0:00:02]} Nbd7 {[%emt 0:01:40] [#]} 12. Rc1 $146 {[%emt 0:09:21]} ({Predecessor:} 12. O-O O-O 13. Bf4 Re8 14. Bh2 Nb6 15. Ne5 Bd6 16. Rfd1 Qc7 17. f4 Nfd7 18. a4 a5 19. b3 f6 20. Nf3 Re7 21. Kh1 Rae8 {0-1 (53) Tristan,L (2434)-Menna Barreto,F (2250) Mar del Plata 2014}) 12... Nb6 {[%emt 0:09:01]} 13. b3 {[%emt 0:05:00]} O-O {[%emt 0:06:44]} 14. O-O {[%emt 0:03:52]} Ne4 {[%emt 0:05:40]} 15. Bf4 {[%emt 0:05:22]} Re8 {[%emt 0:03:33]} 16. Nd2 {[%emt 0:03:27]} Nxd2 {[%emt 0:04:32]} 17. Qxd2 {[%emt 0:00:15]} Bb4 {[%emt 0:04:15]} 18. Qd3 {[%emt 0:03:46]} Bxc3 {[%emt 0:02:21]} 19. Rxc3 {[%emt 0:01:11]} Re6 {[%emt 0:02:07]} 20. Qf5 {[%emt 0:08:30]} Nd7 {[%emt 0:04:38]} 21. Rc2 {[%emt 0:03:33]} h6 {[%emt 0:00:55]} 22. Re2 {[%emt 0:03:46]} Qe7 {[%emt 0:02:11]} 23. Rfe1 {[%emt 0:02:25]} Re8 {[%emt 0:01:04]} 24. Bg3 {[%emt 0:04:44]} Re4 {[%emt 0:02:08]} 25. Qh5 {[%emt 0:02:13]} Nf6 {[%emt 0:04:52]} 26. Qf5 {[%emt 0:03:10]} Nh7 {[%emt 0:11:18]} (26... g6 $5 27. Qf3 $8 Nh5 $11) 27. Qh5 {[%emt 0:04:39]} Ng5 {[%emt 0:03:27]} 28. Be5 $2 {[%emt 0:03:01]} (28. f3 $11 {and White is okay.} Re6 29. h4) 28... Rh4 {[%emt 0:01:16]} 29. Qxh4 {[%emt 0:01:56]} Nf3+ 30. gxf3 {[%emt 0:00:02]} Qxh4 {[%emt 0:00:07]} 31. Kg2 {[%emt 0:01:17]} Re6 {[%emt 0:00:38]} 32. e4 {[%emt 0:02:04]} h5 {[%emt 0:04:12]} 33. Bg3 {[%emt 0:01:14]} Rg6 $2 {[%emt 0:00:22]} (33... Qe7 $19 {has better winning chances.} 34. Re3 dxe4 35. Rxe4 Rxe4 36. Rxe4 Qa3 37. Re8+ Kh7) 34. exd5 {[%emt 0:03:22]} Qxd4 {[%emt 0:01:50]} 35. Re4 {[%emt 0:01:48]} Qxd5 {[%emt 0:02:03]} 36. Re8+ {[%emt 0:02:00]} Kh7 {[%emt 0:00:04]} 37. R1e5 {[%emt 0:00:19] [#]} Qd7 $2 {[%emt 0:00:57]} (37... Qd2 $1 $19 38. Rxh5+ Rh6 39. Rxh6+ Kxh6) 38. R8e7 {[%emt 0:00:44]} Qd2 {[%emt 0:02:34]} 39. Rxh5+ {[%emt 0:01:09]} Rh6 {[%emt 0:00:06]} 40. Rxh6+ {[%emt 0:00:00]} Kxh6 {[%emt 0:00:00]} 41. Rxf7 {[%emt 0:06:05]} Qxa2 {[%emt 0:08:25]} 42. Rxb7 {[%emt 0:00:36]} Qa6 {[%emt 0:03:35]} 43. Rb4 $11 {[%emt 0:01:24]} Qa3 {[%emt 0:01:54]} 44. Rb7 {[%emt 0:03:54]} Qa6 {[%emt 0:01:37]} 45. Rb4 {[%emt 0:00:27]} Qa3 {[%emt 0:04:31]} 46. Rb7 {[%emt 0:01:28]} Qa6 {[%emt 0:00:31]} 1/2-1/2

[Event "UKR-ch Women 2020"]
[Site "Kherson"]
[Date "2020.12.11"]
[Round "6.1"]
[White "Rakhmangulova, Anastasiya"]
[Black "Buksa, Nataliya"]
[Result "0-1"]
[WhiteElo "2132"]
[BlackElo "2410"]
[Annotator "TA"]
[PlyCount "74"]
[EventDate "2020.12.06"]
[EventType "swiss"]
[EventCountry "UKR"]
[SourceTitle "playchess.com"]
[Source "ChessBase"]
[SourceQuality "1"]

{[%evp 14,74,-2,-2,0,0,7,7,7,7,4,2,7,-24,-24,-25,-29,-16,-22,-25,-31,-41,-25,-22,-18,-18,-22,-33,-37,-34,-49,-41,-39,-78,-67,-69,-70,-493,-483,-480,-467,-433,-318,-459,-449,-441,-402,-1106,-1106,-1095,-1061,-12837,-12837,-12837,-12838,-12838,-5924,-12841,-12841,-12841,-12841,-12841,-558]} 1. e4 c5 2. Nf3 Nc6 3. d3 d6 4. g3 g6 5. Bg2 Bg7 6. O-O e5 7. Nc3 Nge7 8. Nd2 Rb8 {B25: Closed Sicilian: 3 g3, lines without early Be3.} 9. a4 a6 {[%cal Ba7a6,Ba6b5,Bb5b4][%mdl 32]} 10. Nc4 b5 {The position is equal.} 11. axb5 axb5 12. Ne3 O-O 13. f4 {[#]} exf4 $146 ({Predecessor:} 13... b4 14. Ncd5 Nxd5 15. Nxd5 exf4 16. gxf4 f5 17. Ne3 Nd4 18. Bd2 Be6 19. c3 Nb3 20. exf5 gxf5 {0-1 (32) Zyla,W (2210)-Rabiega,R (2490) Bad Woerishofen 1996}) 14. gxf4 b4 15. Ne2 Nd4 16. Ng3 f5 17. c3 bxc3 18. bxc3 Nb5 19. Qb3+ Kh8 {next ...Bd7 is good for Black.} 20. Bd2 Bd7 {Hoping for ...Nxc3.} 21. Qc2 Bc6 22. exf5 Bxg2 23. Nxg2 Nxf5 24. Nxf5 gxf5 25. Rf3 $2 {[%mdl 8192] [#] This move loses the game for White.} ({Better is} 25. Kh1 $15) 25... Nd4 $1 $19 {[%cal Rd4c2][%mdl 576] Double Attack} 26. Qd1 (26. cxd4 Bxd4+) 26... Nxf3+ 27. Qxf3 Ra8 28. Rf1 (28. Rxa8 {might work better.} Qxa8 29. Qxa8 Rxa8 30. Ne3) 28... Ra2 29. Be1 Rg8 30. Qh3 (30. Kh1 $142) 30... Qa8 {( -> ...Rxg2+!). Black is clearly winning.} 31. Rf3 {[#]} Bd4+ $1 {[%mdl 512]} 32. cxd4 Raxg2+ 33. Qxg2 Qxf3 {[%csl Gg8][%cal Rf3g2][%mdl 64] Double Attack, Pin. KQR-KQB} 34. Bg3 {[#]} Qxd3 (34... Rxg3 $142 $1 {[%mdl 512]} 35. hxg3 (35. Qxg3 Qxg3+) 35... Qxg2+ 36. Kxg2 cxd4) 35. dxc5 Qd4+ 36. Kf1 Qd1+ 37. Kf2 Re8 {Weighted Error Value: White=0.81/Black=0.23} (37... Qd2+ $142 38. Kg1 Qd4+ 39. Qf2 dxc5) 0-1

[Event "UKR-ch Women 2020"]
[Site "Kherson"]
[Date "2020.12.11"]
[Round "6.2"]
[White "Osmak, Iulija"]
[Black "Petrova, Irina"]
[Result "1-0"]
[WhiteElo "2438"]
[BlackElo "2077"]
[Annotator "TA"]
[PlyCount "77"]
[EventDate "2020.12.06"]
[EventType "swiss"]
[EventCountry "UKR"]
[SourceTitle "playchess.com"]
[Source "ChessBase"]
[SourceQuality "1"]

{[%evp 13,77,44,43,46,41,41,49,43,49,18,19,15,46,50,57,57,59,57,64,68,81,84,83,38,72,42,43,57,49,48,81,54,85,53,91,71,168,166,395,407,389,402,456,456,559,552,529,515,546,533,602,604,862,859,879,856,990,966,1414,1368,29987,6303,29985,29985,29984,29983]} 1. c4 d6 2. Nc3 e5 3. g3 Nc6 4. Bg2 g6 5. e3 Bg7 6. Nge2 f5 7. d4 Nf6 {7...Nf6 scores better than 7...e4.} 8. b3 {A25: English Opening vs King's Indian with ...Nc6 but without early d3.} O-O 9. Bb2 Bd7 10. Qd2 {[#] White is slightly better.} a5 $146 ({Predecessor:} 10... Rb8 11. f4 e4 12. O-O {½-½ (12) Jadoul,M (2400)-Schneider,B (2415) Antwerp 1999}) 11. a3 e4 12. h4 Ne7 13. Nf4 Qe8 14. Bf1 h6 15. Be2 Qf7 16. Rc1 c6 17. Na4 Nc8 18. c5 d5 19. h5 g5 20. Ng6 Re8 21. Bc3 Nh7 22. Bxa5 Nf8 23. Bc7 Nxg6 {White leaves nothing to chance now.} 24. hxg6 Qe6 {[#]} (24... Qe7 $16) 25. Qb4 $1 $18 {[%cal Rb4b7]} Rf8 $2 (25... Re7) 26. Qxb7 Ra7 27. Qb8 Qe7 {If only Black now had time for ...Be6....} 28. Bd6 {[%mdl 64] Skewer, Overworked Piece} Nxd6 29. Qxa7 Nc8 30. Qc7 f4 31. b4 fxe3 32. fxe3 g4 33. Rf1 Rxf1+ 34. Kxf1 h5 35. Nb6 Qf8+ 36. Kg2 h4 37. Qxd7 (37. Nxd7 $142 Be5 38. dxe5 Qe7 39. Qxc8+ Kg7 40. Nf6 h3+ {[#]} 41. Kh1 $1 {[%mdl 512]} Qxe5 42. Qg8+ Kxf6 43. Qf7+ Kg5 44. g7) 37... h3+ {[#]} 38. Kh1 $1 Qf2 {[#]} 39. Qf7+ $1 {Weighted Error Value: White=0.07/Black=0.79} 1-0

[Event "UKR-ch Women 2020"]
[Site "Kherson"]
[Date "2020.12.11"]
[Round "6.3"]
[White "Shpanko, Nadiia"]
[Black "Babiy, Olga"]
[Result "0-1"]
[WhiteElo "2235"]
[BlackElo "2271"]
[Annotator "TA"]
[PlyCount "116"]
[EventDate "2020.12.06"]
[EventType "swiss"]
[EventCountry "UKR"]
[SourceTitle "playchess.com"]
[Source "ChessBase"]
[SourceQuality "1"]

{[%evp 9,116,18,15,14,26,12,9,8,6,7,16,14,14,6,13,6,8,10,5,0,-1,-31,-39,-37,-29,-40,-27,-73,-66,-95,-103,-111,-107,-141,-130,-127,-122,-132,-126,-116,-127,-227,-208,-254,-264,-267,-245,-304,-305,-304,-304,-302,-302,-331,-308,-370,-347,-338,-337,-346,-335,-340,-333,-338,-306,-321,-342,-357,-327,-538,-497,-468,-468,-585,-585,-585,-585,-634,-561,-543,-532,-477,-469,-559,-563,-551,-525,-638,-615,-720,-702,-706,-687,-848,-831,-5708,-5246,-2142,-1121,-29989,-29990,-29990,-29991,-29992,-29993,-29996,-29997,-29997,-29998]} 1. c4 e5 2. g3 c6 3. Nf3 d6 4. Nc3 Nf6 5. Bg2 Be7 6. Qc2 {A22: English Opening: 1...e5 2 Nc3 Nf6.} Bg4 7. h3 Bxf3 8. Bxf3 {[#] The position is equal.} Na6 $146 ({Predecessor:} 8... O-O 9. d3 d5 10. cxd5 cxd5 11. Bg2 Nc6 12. O-O Rc8 13. Bg5 d4 14. Bxf6 Bxf6 {0-1 (33) Petrosian,T (2649)-Anurag,M (2401) Golden Sands 2013}) 9. O-O Qd7 10. Bg2 O-O 11. e4 Nc5 12. d3 Ne6 13. Be3 Bd8 14. Qb3 Bb6 15. Bc1 h5 16. Qd1 Qe7 17. Bf3 {[#]} h4 $1 {[%mdl 512]} 18. gxh4 Nh7 19. h5 {White is on the road to losing.} Qh4 $1 {And now ...Neg5 would win.} 20. Bg2 {[#]} Nf6 $1 21. Qf3 Nxh5 22. Ne2 Nhf4 23. Bxf4 exf4 24. Qg4 Qf6 25. Rab1 {[#]} (25. Qf5 $17 {was necessary.}) 25... g6 $1 $19 26. Rfd1 Kg7 27. d4 Bxd4 28. Nxd4 Nxd4 29. Rd3 Rh8 30. Qd1 c5 31. b4 b6 32. bxc5 dxc5 33. e5 Qg5 ({But not} 33... Qxe5 34. Bxa8 Rxa8 35. Kg2 $19) 34. Qg4 Qxg4 ({Less strong is} 34... Qxe5 35. Bxa8 Rxa8 36. Ra3 $19) 35. hxg4 Rae8 36. Re1 Re7 37. Bd5 Rhe8 38. Re4 Rxe5 39. Rexd4 $2 (39. Rxe5 {was called for.} Rxe5 40. Kf1) 39... cxd4 40. Rxd4 {[%mdl 4096] Endgame KRR-KRB} g5 41. a4 Re1+ 42. Kg2 Ra1 43. Bc6 Re6 44. Bb5 Ree1 45. Rd7 {[#]} a6 $1 46. Bc6 (46. Bxa6 Rg1+) 46... Kf6 47. Bd5 Ke5 48. Rxf7 {White hopes to continue with Rf5+.} Rg1+ 49. Kf3 {If White can now play Rf5+ this consolidates a bit.} Ra3+ 50. Ke2 Rxg4 51. Rb7 Rg1 52. Rxb6 g4 53. Re6+ Kf5 54. Rxa6 f3+ {Black mates.} 55. Kd2 Rf1 56. Be6+ Kf4 57. Kc2 Rxf2+ 58. Kb1 Re3 {Weighted Error Value: White=0.26/Black=0.04} 0-1

[Event "UKR-ch Women 2020"]
[Site "Kherson"]
[Date "2020.12.11"]
[Round "6.4"]
[White "Berdnyk, Mariia"]
[Black "Hryzlova, Sofiia"]
[Result "0-1"]
[WhiteElo "2324"]
[BlackElo "2064"]
[Annotator "TA"]
[PlyCount "92"]
[EventDate "2020.12.06"]
[EventType "swiss"]
[EventCountry "UKR"]
[SourceTitle "playchess.com"]
[Source "ChessBase"]
[SourceQuality "1"]

{[%evp 19,92,25,33,13,30,18,39,35,40,29,41,33,58,62,62,66,53,56,57,0,73,73,87,81,100,50,32,-75,-78,-122,-108,-105,-109,-106,89,-60,-22,-10,-7,-147,-153,-129,0,-210,-149,-346,-337,-325,-322,-751,-741,-748,-733,-865,-864,-833,-833,-935,-738,-743,-693,-913,-912,-889,-888,-29985,-1154,-29992,-29986,-29986,-29987,-29993,-29994,-29996,-29996]} 1. d4 Nf6 2. c4 e6 3. g3 c5 4. d5 exd5 5. cxd5 d6 6. Nc3 g6 7. Bg2 Bg7 8. Nf3 O-O 9. O-O Nbd7 10. Bf4 Qe7 11. a4 {now scores much better than the old 11.h3. A62: Modern Benoni: Fianchetto Variation without early ...Nbd7.} b6 {[#]} 12. Rb1 $146 ({Predecessor:} 12. Re1 Ng4 13. Bg5 f6 14. Bc1 Nde5 15. h3 Nh6 16. Nxe5 fxe5 17. e4 Nf7 18. Kh2 h5 {½-½ (32) Sadzikowski,D (2507)-Heberla,B (2572) Warsaw 2020}) 12... Nh5 13. Bg5 {White is slightly better.} f6 14. Bd2 {g4 is the strong threat.} f5 15. Ng5 Ndf6 16. b4 h6 17. Ne6 $1 {[%cal Re6f8]} Bxe6 18. dxe6 Rad8 19. Qb3 (19. e4 $14) 19... Rfe8 (19... d5 $1 $11) 20. Bc6 $16 Rf8 21. Rfd1 $1 Kh7 22. a5 cxb4 23. Nb5 (23. Qxb4 $14 {keeps the upper hand.} Qxe6 24. Nb5 (24. axb6 d5 $11)) 23... bxa5 $17 24. Ra1 a6 {aiming for ...Ne4.} 25. Nd4 Ng4 26. Be1 Qa7 $2 (26... Rc8 $17 {keeps the pressure on. White must now prevent ...Bxd4.} 27. Bf3 Rc5) 27. Qd5 (27. e3 $16) 27... Rc8 {Strongly threatening ...Bxd4.} (27... f4 $5 {[%cal Rf4g3]} 28. Rxa5 fxg3 29. hxg3 Nxg3 $1 $17 {[%mdl 512]}) 28. Bd7 Nhf6 29. Qxd6 (29. Qxa5 $11 {was the only way to keep the balance.} Nxd7 30. exd7 Qxd7 31. Qxb4) 29... Ne4 $1 {[%cal Re4d6]} 30. Qd5 Ngf6 (30... Rc5 $17 31. Qa2 Rb8) 31. Nc6 $2 (31. Qxa5 $11 Nxd7 32. exd7 Qxd7 33. Qxb4) 31... Qb6 32. Qe5 $2 {White does not recover from this.} (32. Qxa5 $17 Nxd7 {[%mdl 64] Discovered Attack} 33. exd7 Rxc6 34. Qxb4) 32... Rxc6 $19 33. Bxc6 Qxc6 34. Rxa5 $2 (34. Rdc1 Qa8 35. Qxa5) 34... Re8 35. e7 Qb7 36. Qb2 Nd5 {[%cal Bf6d5,Bd5c3,Bc3e2][%mdl 32]} 37. Qb3 Ndc3 $1 {[%mdl 64] Double Attack} 38. Rd8 Qxe7 39. Rxe8 Qxe8 40. Qxb4 Nxe2+ 41. Kf1 Nd4 42. Rxa6 {[#]} Nxg3+ $1 {[%mdl 512]} 43. Kg1 (43. fxg3 Qe2+) 43... Nf3+ {Black mates.} 44. Kg2 Nxe1+ 45. Kxg3 Qe2 46. Ra3 Be5+ {Weighted Error Value: White=0.84/Black=0.43} 0-1